书目信息 |
| 题名: |
建筑装饰工程招标投标手册
|
|
| 作者: | 雷胜强 , 刘桦 编著 | |
| 分册: | ||
| 出版信息: | 北京 中国建筑工业出版社 2006.02 |
|
| 页数: | 289页 | |
| 开本: | 26cm | |
| 丛书名: | ||
| 单 册: | ||
| 中图分类: | TU723.2 | |
| 科图分类: | ||
| 主题词: | 工程装修--gong cheng zhuang xiu--招标--手册 , 工程装修--gong cheng zhuang xiu--投标--手册 | |
| 电子资源: | ||
| ISBN: | 7-112-07929-2 | |
| 000 | 00984nam0 2200265 450 | |
| 001 | 012006277137 | |
| 005 | 20061019091424.68 | |
| 010 | @a7-112-07929-2@dCNY32.00 | |
| 100 | @a20061008d2006 km y0chiy0120 ea | |
| 101 | 0 | @achi |
| 102 | @aCN@b110000 | |
| 105 | @ay a 000yy | |
| 200 | 1 | @a建筑装饰工程招标投标手册@Ajian zhu zhuang shi gong cheng zhao biao tou biao shou ce@f雷胜强, 刘桦编著@Flei sheng qiang,liu hua bian zhu |
| 205 | @a第2版 | |
| 210 | @a北京@c中国建筑工业出版社@d2006.02 | |
| 215 | @a289页@d26cm | |
| 320 | @a有书目。 | |
| 330 | @a本书共十章。阐述了建筑装饰工程市场,建筑装饰工程国内招标、驻外机构建设项目招标与管理,建设工程工程量清单计价,建筑装饰工程国际招标与投标等内容。 | |
| 606 | 0 | @a工程装修@Agong cheng zhuang xiu@x招标@j手册 |
| 606 | 0 | @a工程装修@Agong cheng zhuang xiu@x投标@j手册 |
| 690 | @aTU723.2@v4 | |
| 701 | 0 | @a雷胜强@Alei sheng qiang@4编著 |
| 701 | 0 | @a刘桦@Aliu hua@4编著 |
| 801 | 0 | @aCN@c20061019 |
| 905 | @a10447@dTU723.2@eL084 | |
| 建筑装饰工程招标投标手册/雷胜强, 刘桦编著.-第2版.-北京:中国建筑工业出版社,2006.02 |
| 289页;26cm |
| ISBN 7-112-07929-2:CNY32.00 |
| 本书共十章。阐述了建筑装饰工程市场,建筑装饰工程国内招标、驻外机构建设项目招标与管理,建设工程工程量清单计价,建筑装饰工程国际招标与投标等内容。 |
| ● |
| 相关链接 |
|
|
|
正题名:建筑装饰工程招标投标手册
索取号:TU723.2/L084
 
预约/预借
| 序号 | 登录号 | 条形码 | 馆藏地/架位号 | 状态 | 备注 |
| 1 | 223019 | 202230193 | 管理学院资料室/101建筑库 60排5列1层/ [索取号:TU723.2/L084] | 在馆 | |
| 2 | 223020 | 202230200 | 建筑库201/201建筑库 33排1列3层/ [索取号:TU723.2/L084] | 在馆 | |
| 3 | 223021 | 202230219 | 建筑库201/201建筑库 33排1列3层/ [索取号:TU723.2/L084] | 在馆 |